Villes d'Europe les plus grandes - 2026 - Statistiques

Statistiques générales
  • Ce quiz a été pris 100 fois
  • Le résultat moyen est 8 sur 10
Statistiques - réponses
Nombre d'habitants Villes % Correct
2 200 000 Paris
100%
8 900 000 Londres
99%
3 300 000 Madrid
99%
3 700 000 Berlin
93%
2 900 000 Rome
93%
11 600 000 Moscou
91%
1 650 000 Barcelone
75%
5 300 000 Saint-Pétersbourg
58%
1 900 000 Vienne
54%
1 750 000 Budapest
47%
Aucun quiz correspondant
Distribution des résultats
% des personnes avec chaque résultat
Percentile par nombre de réponses
Votre historique - résultats
Vous n’avez pas pris ce quiz